000 00303nam a2200121Ia 4500
008 220216s9999 xx 000 0 und d
100 _aThevar Aroon
245 0 _aNR price forecast: A commentary
260 _bRubber International Magazine
_c2000
300 _a52-57
650 _aNR price
942 _cJS
999 _c64171
_d64171